Statistieken voor Top 5 landen per categorie #2

Klik hier om de quiz te nemen!

Algemene statistieken

  • Deze quiz is 433 keer genomen
  • De gemiddelde score is 29 van 55

Antwoordstatistieken

Land% Correct
Verenigde Staten
98%
Nederland
95%
Rusland
93%
Brazilië
91%
China
91%
Duitsland
90%
Frankrijk
89%
Vaticaanstad
87%
Verenigd Koninkrijk
84%
India
82%
Argentinië
80%
Italië
80%
Monaco
80%
Japan
79%
België
78%
Canada
78%
Saoedi-Arabië
75%
Zweden
70%
San Marino
68%
Liechtenstein
65%
Qatar
64%
Iran
63%
Irak
61%
Nepal
60%
Andorra
59%
Zwitserland
55%
Luxemburg
53%
Oostenrijk
49%
Pakistan
49%
Niger
48%
Noord-Korea
46%
Verenigde Arabische Emiraten
46%
Nigeria
45%
Griekenland
41%
Nauru
40%
Syrië
40%
Uruguay
40%
Tsjechië
39%
IJsland
38%
Bhutan
37%
Israël
37%
Koeweit
37%
Tuvalu
37%
Venezuela
29%
Jordanië
28%
Mali
23%
Filipijnen
22%
Litouwen
19%
Oeganda
15%
Malawi
13%
Saint Lucia
13%
Moldavië
11%
Sovjet Unie
11%
Zambia
11%
Djibouti
6%

Scoreverdeling

Percentiel versus Aantal Correcte Antwoorden

Procent van Mensen met Elke Score

Uw Scoregeschiedenis

U heeft deze quiz nog niet genomen